Bilecik Bilecik Bilecik Bilecik Bilecik

Osmanlı tarihinde maskeler ve yüzler/ (Record no. 24574)

MARC details
000 -BAŞLIK
Sabit Uzunluktaki Kontrol Alanı 02529nam a22003497a 4500
001 - KONTROL NUMARASI
Control Dosyası 0024623
003 - KONTROL NUMARASI KİMLİĞİ
Kontrol Alanı KOHA_MİRAKIL
005 - EN SON İŞLEM TARİHİ ve ZAMANI
Kontrol Alanı 20260207002444.0
007 - FİZİKSEL TANIM SABİT ALAN - GENEL BİLGİ
Sabit uzunluklu kontrol alanı ta
008 - SABİT UZUNLUKTAKİ VERİ ÖGELERİ - GENEL BİLGİ
Sabit Alan 101112b2009 tu |||gr||||#0|||0|tur |
020 ## - ISBN - ULUSLARARASI STANDART KİTAP NUMARASI
Isbn 9789752631169
Kullanılabilirlik koşulları 8,76
040 ## - KATALOGLAMA KAYNAĞI
Özgün Kataloglama Kurumu TR-BiSEU
Kataloglama Dili tur
Çeviri Kurumu TR-BiSEU
Açıklama Kuralları rda
041 0# - DİL KODU
Metin ya da ses kaydının dil kodu tur
044 ## - YAYINLAYAN/ÜRETEN KURULUŞUN ÜLKE KODU
ISO country code tu
050 ## - SINIFLAMA ve YER NUMARASI
Sınıflama Numarası DR485
Yer Numarası .A75 2009
100 1# - KİŞİ ADI
Yazar Adı (Kişi adı) Armağan, Mustafa.
245 1# - ESER ADI BİLDİRİMİ
Başlık Osmanlı tarihinde maskeler ve yüzler/
Sorumluluk Bildirimi Mustafa Armağan ; Mustafa Armağan.
250 ## - BASIM BİLDİRİMİ
Basım Bildirimi 7. bs.
264 #1 - ÜRERİM, YAYIN, DAĞITIM ve TELİF BİLDİRİMİ
Yayın yeri İstanbul :
Yayınlayan Timaş Yayınları
Yayın tarihi 2009
300 ## - FİZİKSEL TANIMLAMA
Sayfa, Cilt vb. 240 sayfa: resimli; 22 cm.
336 ## - İÇERİK TÜRÜ
Content type term metin
Content type code txt
Source rdacontent
337 ## - MEDYA TÜRÜ
Media type term aracısız
Media type code n
Source rdamedia
338 ## - TAŞIYICI TÜRÜ
Carrier type term cilt
Carrier type code nc
Source rdacarrier
490 1# - DİZİ BİLDİRİMİ
Dizi Bildirimi Timaş yayınları ;
Cilt Numarası 1199 .
490 1# - DİZİ BİLDİRİMİ
Dizi Bildirimi Osmanlı tarihi dizisi ;
Cilt Numarası 8
505 ## - İÇİNDEKİLER NOTU
İçindekiler Notu Osmanlı Tarihinde Maskeler ve Yüzler, tarihin bilimsellikten taviz vermeden de geniş kitlelere sevdirilebileceğini gösteren öncü bir çalışma... "Öyle yazmış bir okuyucu: 'Bu kitapta bakalım başımıza hangi çatıyı yıkacaksınız?' Çatılar bu denli çürük yapılmışsa kabahat kitaplarımın içine gizlenen yaramaz filin olamaz herhalde. Başımızın üstündeki çatıyı kimin çattığını ve nasıl çattığını bilmiyorsak fil ne yapsın."
650 #0 - KONU BAŞLIĞI EK GİRİŞ - KONU TERİMİ
Konusal terim veya coğrafi ad Osmanlı Tarihi.
9 (RLIN) 21962
830 1# - SERİ EK GİRİŞİ - TEKBİÇİM ESER ADI
Tekbiçim Başlık Timaş yayınları ;
Volume number/sequential designation 1199 .
9 (RLIN) 8079
830 1# - SERİ EK GİRİŞİ - TEKBİÇİM ESER ADI
Tekbiçim Başlık Osmanlı tarihi dizisi ;
Volume number/sequential designation 8
9 (RLIN) 22645
907 ## - LOCAL DATA ELEMENT G, LDG (RLIN)
a Tarih
942 ## - EK GİRİŞ ÖGELERİ (KOHA)
Source of classification or shelving scheme Library of Congress Classification
Koha item type Book
505 ## - İÇİNDEKİLER NOTU
-- Bir süredir çıktığı her tarih seferinden göz kamaştırıcı ganimetlerle döni bilen Mustafa Armağan, Osmanlı Tarihinde Maskeler ve Yüzler adlı yeni tartışmalara yol açacak kitabında, okuyucusunu tarihin labirentlerinde nefes nefese bir serüvene davet ediyor.
-- Osmanlı tarihindeki tartışmalı alanlara alışık olmadığımız yeni bir bakış açısıyla bakmayı deniyor. Baltacı-Katerina gibi asırlık tartışmayı siyasi bir analizle aydınlatıyor. Fatih'e ait olduğu iddia edilen kardeş katliyle ilgili maddenin Kanunnâme'ye sonradan sokuşturulmuş olduğunu iddia ediyor. Çanakkale'nin aslında "geçilmiş" olduğunu belgeleriyle ortaya çıkartıyor. Sultan Abdülaziz ile ünlü besteci Wagner arasındaki ilginç ilişkiye ışık tutuyor, İstanbul'un 29 Mayıs'ta değil, 7 Haziran'da fethedilmiş olduğunu deşifre ediyor. Üstelik bütün bunları akıcı, rahat, edebi bir dille yaparak popüler tarihçilikte örneğine uzun zamandır rastlamadığımız yeni bir yol açmayı başarıyor.
Holdings
Materyal Türü Kalıcı Konum Mevcut Konum Raf Yeri Sınıflandırma Kaynağı Edinim Bilgisi Ana Konular Alt Konular Yer Numarası Demirbaş Numarası Fatura Tarihi Maliyet, Alış Fiyatı Maliyet, Yenileme Fiyatı Geri Çekilme Durumu Kayıp Durumu Hasarlı Durumu Kredi için değil Kayıt Tarih Toplam Ödünçverme Son Görülme Tarihi Son Kontrol Tarihi
Book Prof. Dr. Azmi Özcan Kütüphanesi Prof. Dr. Azmi Özcan Kütüphanesi Uluğbey Salonu Library of Congress Classification Satın DÜNYA TARİHİ (AVRUPA, ASYA, AFRİKA VB.) Balkan Yarımadası DR485 .A75 2009 0024623 15/12/2010 9.46 9.46         12/11/2010 11 05/12/2024 05/12/2024